00331nam a2200133Ia 4500082001200000100002700012245004700039260002600086300000800112650001600120650002000136650002400156710001700180 aTC.0038 aChaudhuri, Chandeshwar 0asena ke sangathan me jaati pratha ka sthan c1971bAgra University a273 aIndiavArmy aSoldiersvIndia aArmyvMilitary life aSaxena, R.N.